000
00309nam a2200133Ia 4500
003
OSt
005
20240206110332.0
008
170524s9999 xx 000 0 und d
020
_a
9780195668049
040
_c
IIMT UNIVERSITY
100
_a
Raman Meenakshi
245
0
_a
TECHNICAL COMMUNICATION
942
_2
ddc
_c
02
999
_c
4119
_d
4119